| 000 | 00669nam a2200241Ia 4500 | ||
|---|---|---|---|
| 003 | OSt | ||
| 005 | 20220925215309.0 | ||
| 006 | a|||||r|||| 00| 0 | ||
| 007 | ta | ||
| 008 | 220923b |||||||| |||| 00| 0 eng d | ||
| 037 | _cGeneral Book | ||
| 040 |
_aRTL _cRTL _beng |
||
| 041 |
_2eng _aeng |
||
| 082 | _aX651:7.3.N6, K6;M4 | ||
| 100 |
_aBaynes T A Hamilton _9282514 |
||
| 245 | 0 | _aShare valuations Rev by E J Newman | |
| 250 | _a3rd | ||
| 260 |
_aLondon _bHeinemann U.K. _c1984 |
||
| 300 |
_axx, 251p. _ccm. |
||
| 650 | _aStock Exchange | ||
| 942 |
_hX651:7.3.N6, K6;M4 _cGB _2CC |
||
| 999 |
_c568403 _d568403 |
||